|
|
|
|
| LEADER |
00000ny a22000003n 4500 |
| 005 |
20110516143421.0 |
| 008 |
950310c19949999at qr p s 0 0eng c |
| 022 |
|
|
|a 1322-1833
|
| 035 |
|
|
|a 5221
|
| 040 |
|
|
|a MnMULS
|d vLex
|
| 050 |
1 |
4 |
|a H96
|b .A334
|
| 050 |
1 |
4 |
|a H96
|b .A334
|
| 090 |
|
|
|c 1984
|d 1984
|
| 130 |
0 |
|
|a Agenda (Canberra, Australia)
|
| 245 |
0 |
0 |
|a Agenda
|h [Recurso electrn̤ico]
|b a journal of policy analysis and reform
|
| 256 |
|
|
|a Servicio en ln̕ea
|
| 260 |
|
|
|a Canberra, Australia :
|b Faculty of Economics and Commerce, Australian National University,
|
| 310 |
|
|
|a Trimestral
|
| 506 |
1 |
|
|a Contenido solo disponible en los productos indicados
|d vLex Global
|d vLex Global (Academic Edition, excluding Law Schools)
|d vLex Global (U.S. Academic Edition, excluding Law Schools)
|
| 710 |
2 |
|
|a Australian National University.
|b Centre for Applied Economics
|
| 710 |
2 |
|
|a Australian National University.
|b Faculty of Economics and Commerce
|
| 740 |
|
|
|a vLex Revista (Servicios en ln̕ea)
|
| 843 |
|
|
|a Electrn̤ica. Abierta
|
| 853 |
|
|
|8 1
|i (year)
|j (month)
|k (day)
|
| 856 |
4 |
0 |
|z Acceso restringido
|u http://vlex.com/account/login_ip?fuente_id=5221
|
| 942 |
|
|
|c REV
|
| 999 |
|
0 |
|a Policy sciences
|v Periodicals
|